000 00472nam a2200205Ia 4500
003 0100
008 130227s9999 xx 000 0 und d
040 _cARRUPELIB
050 _aBD436.P75
100 _aPrice, W.C.
245 _aLove and friendship in Plato and Aristotle
260 _aOxford
260 _bClarendon Press
260 _C1989
300 _a286p.
300 _b 23 cm
650 _bEthics
650 _cInterpersonal relations
942 _2lcc
_01
999 _c3304
_d3304